Central Library OPAC University of Rajshahi

Chemical equuilibria / (Record no. 9414)

MARC details
000 -LEADER
fixed length control field 00708nam a22002177a 4500
001 - CONTROL NUMBER
control field 9414
003 - CONTROL NUMBER IDENTIFIER
rucl marc code BD-RjUL
005 - DATE AND TIME OF LATEST TRANSACTION
control field 20211208234756.0
008 - FIXED-LENGTH DATA ELEMENTS--GENERAL INFORMATION
fixed length control field 140121s1967 nyu||||| |||| 00| 0 eng d
035 ## - SYSTEM CONTROL NUMBER
System control number (BD-RjUL)9459
040 ## - CATALOGING SOURCE
Original cataloging agency BD-RjUL
Language of cataloging eng
Transcribing agency BD-RjUL
041 ## - LANGUAGE CODE
Language code of text/sound track or separate title eng
082 04 - DEWEY DECIMAL CLASSIFICATION NUMBER
Edition number 22
Classification number 541.39
Author mark and year CHE 1967
245 00 - TITLE STATEMENT
Title Chemical equuilibria /
Statement of responsibility, etc. by Gordon M Barrow; Malcom E Kenney; Jean D Lassila; Robert L Litle; Warren E.Thompson
260 ## - PUBLICATION, DISTRIBUTION, ETC. (IMPRINT)
Place of publication, distribution, etc. New York[w.a.] :
Name of publisher, distributor, etc. Benjamin,
Date of publication, distribution, etc. 1967.
300 ## - PHYSICAL DESCRIPTION
Pagination viii, 120 p. ;
Size 22 cm.
490 ## - SERIES STATEMENT
Series statement Understanding chemistry, / Gordon M. Barrow ... ; Vol. 5
650 #0 - SUBJECT ADDED ENTRY--TOPICAL TERM
Topical term or geographic name as entry element Chemical reactions.
9 (RLIN) 29171
700 1# - ADDED ENTRY--PERSONAL NAME
Personal name Barrow, Gordon M [...et all.]
942 ## - ADDED ENTRY ELEMENTS (KOHA)
Source of classification or shelving scheme Dewey Decimal Classification
Koha item type Books
Holdings
Lost status Source of classification or shelving scheme Damaged status Not for loan Collection code Permanent Location Current Location Shelving location Date acquired Source of acquisition Total Checkouts Full call number Date last seen Copy number Koha item type
  Dewey Decimal Classification   Not For Loan Non-fiction Central Library, University of Rajshahi Central Library, University of Rajshahi Reading Room 24/10/1990 Canada gift   541.39 CHE 1967 21/01/2014 C-1 Books